Classement pilote MotoGP 2022 - Statistiques

Statistiques générales
  • Ce quiz a été pris 214 fois
  • Le résultat moyen est 15 sur 26
Statistiques - réponses
Hint Réponse % Correct
2 Fabio Quartararo
95%
1 Francesco Bagnaia
88%
13 Marc Marquez
84%
4 Aleix Espargaro
76%
17 Alex Marquez
76%
8 Johann Zarco
75%
4 Jack Miller
74%
6 Brad Binder
73%
3 Enea Bastianini
73%
16 Pol Espargaro
69%
7 Alex Rins
67%
15 Joan Mir
67%
9 Jorge Martin
67%
11 Maverick Viñales
67%
19 Franco Morbidelli
63%
12 Luca Marini
63%
10 Miguel Oliveira
57%
14 Marco Bezzecchi
56%
22 Raul Fernandez
48%
18 Takaaki Nakagami
41%
20 Fabio Di Giannantonio
40%
24 Darryn Binder
33%
23 Remy Gardner
30%
21 Andrea Dovizioso
24%
25 Cal Crutchlow
21%
26 Stefan Bradl
19%
Aucun quiz correspondant
Distribution des résultats
% des personnes avec chaque résultat
Percentile par nombre de réponses
Votre historique - résultats
Vous n’avez pas pris ce quiz